000 01337nam a22004097a 4500
003 CHAP
005 20220329141047.0
008 971013s1994 r 00010 d
010 _a62048
011 _a63020
035 _a67196
040 _cCHAP
082 _a637.1
_bV3Y
100 0 0 _aVarnam, Alan H.
_9118155
245 _aLeche y productos lácteos
_b: tecnología, química y microbiología
260 _aZaragoza :
_bAcribia,
_c1994
300 _a476 p.
_b: ilus. ; gráfs.
590 _aBATCH-UPD
_b10
_c20130110
_lUCH01
_h0449
590 _aBATCH-UPD
_b10
_c20130110
_lUCH01
_h2336
590 _aBATCH-UPD
_b10
_c20130410
_lUCH01
_h0126
590 _aBATCH-UPD
_b10
_c20130410
_lUCH01
_h1625
590 _aBATCH-UPD
_b10
_c20130914
_lUCH01
_h1605
590 _aCONVERSION
_b10
_c20130109
_lUCH01
_h1333
650 1 4 _aHelados.
_953406
650 1 4 _aLeche
_xAnálisis.
_965359
650 1 4 _aLeche
_xBacteriología.
_965360
650 1 4 _aLeche
_xFermentación.
_965374
650 1 4 _aLeche
_xTecnología.
_965414
650 1 4 _aMantequilla
_xAnálisis.
_970587
650 1 4 _aProductos lácteos.
_992124
650 1 4 _aQueso
_xAnálisis.
_993222
700 0 _aSutherland, Jane P.
_9110796
790 _aNata
901 _aBK
942 _cLIBRO
949 _a637.1 V3Y
_bBC
_cLIBRO
_d33724000890299
_eLIBRO
_gI. 185438
_h91620
_i67196
_si
_t667.00
999 _c62048
_d62048